Твердые ракетные топлива

Bibliographische Detailangaben
1. Verfasser: Силантьев А. И. Анатолий Иванович
Sprache:Russisch
Veröffentlicht: Москва, Воениздат, 1964
Schlagworte:
Format: MixedMaterials Buch
KOHA link:https://koha.lib.tpu.ru/cgi-bin/koha/opac-detail.pl?biblionumber=376505

MARC

LEADER 00000nam0a2200000 4500
001 376505
005 20231101052008.0
035 |a (RuTPU)RU\TPU\retro\33945 
035 |a RU\TPU\book\228401 
090 |a 376505 
100 |a 20221222d1964 m y0rusy50 ca 
101 0 |a rus 
102 |a RU 
105 |a a z 000zy 
200 1 |a Твердые ракетные топлива  |f А. И. Силантьев 
210 |a Москва  |c Воениздат  |d 1964 
215 |a 80 с.  |c ил. 
610 1 |a топливо 
610 1 |a ракеты 
610 1 |a ракетное топливо 
610 1 |a состав 
610 1 |a свойства 
610 1 |a горение 
675 |a 629.136.34  |v 3 
700 1 |a Силантьев  |b А. И.  |g Анатолий Иванович 
801 1 |a RU  |b 63413507  |c 20120209 
801 2 |a RU  |b 63413507  |c 20221222  |g RCR 
942 |c BK